000 00249nam a22001217a 4500
008 170920b xxu||||| |||| 00| 0 eng d
041 _aeng
080 _a7
100 _a45
101 _aART
245 _aSUPPLY LINES
_cBIRKETT,R
942 _2udc
_cBK
999 _c28580
_d28580